[Event "29th Czech Open-Rapid 2018"]
[Site "Pardubice"]
[Date "2018.07.18"]
[Round "3"]
[White "Webersberger, Johann"]
[Black "Fedotov, Konstantin"]
[Result "0-1"]
[WhiteElo "2348"]
[BlackElo "2017"]
[Annotator "TA"]
[PlyCount "82"]
[EventDate "2018.07.18"]
[EventType "swiss"]
[EventCountry "CZE"]
[SourceTitle "playchess.com"]
[Source "ChessBase"]
[SourceQuality "1"]

{[%evp 12,82,17,7,14,12,9,7,14,2,26,2,1,0,0,0,0,-13,-8,-8,-5,-6,-8,-12,-6,-10,0,0,14,-26,-19,-16,49,35,48,0,0,0,40,38,46,0,0,0,34,-2,0,0,0,0,0,-9,-6,-468,-488,-445,-454,-460,-454,-337,-72,-477,-424,-420,-436,-405,-368,-886,-823,-747,-672,-951,-670]} 1. Nf3 c5 2. c4 Nc6 3. Nc3 g6 4. g3 Bg7 5. Bg2 d6 6. O-O Bg4 7. h3 {LiveBook: 16 Games} Bxf3 {A37: Symmetrical English vs ...g6: 4 Bg2 Bg7 5 Nf3} 8. Bxf3 e6 (8... Nf6 9. d3 {½-½ (9) Sinanovic,M (2376)-Doric,D (2467) Mali Losinj 2017}) 9. Bg2 $146 ({Predecessor:} 9. d3 Nge7 10. Bd2 O-O 11. e3 Rb8 12. Qe2 f5 13. Bg2 g5 14. f4 Ng6 15. Kh2 {½-½ (23) Lange,H (2205)-Hueneburg,C (2274) Germany 2006}) 9... Nge7 {The position is equal.} 10. d3 a6 11. Bd2 O-O 12. Rb1 Rb8 13. a3 b5 14. cxb5 axb5 15. b4 cxb4 16. axb4 d5 17. Na2 {[%cal Bc3a2,Ba2c1,Bc1e2][%mdl 32]} Ra8 18. Nc1 Qd6 19. e3 Ra4 20. Qe1 Rfa8 21. d4 e5 (21... Nc8 $11) 22. dxe5 $14 Nxe5 23. Ne2 Nd3 24. Qd1 Rc8 25. Qb3 Ne5 26. Rfd1 Nc4 $36 {[%mdl 2048] Black has some pressure.} 27. Bc1 Rd8 28. e4 d4 29. Nc3 dxc3 30. Rxd6 Rxd6 31. Bf4 Rd2 32. Bxd2 $4 {[%mdl 8192]} (32. Rc1 $1 $11) 32... Nxd2 $19 33. Qc2 {[#] Strongly threatening Rd1.} Nxb1 34. Qxb1 Nc6 35. e5 Nxe5 $2 ({Not} 35... Nxb4 36. Be4 $17) (35... Rxb4 $19 36. Qa2 Ra4) 36. Qe4 $2 {[%mdl 8192]} (36. Bd5 $17) 36... Ra1+ 37. Kh2 Ra2 38. Qb7 {[#] And now Qb8+ would win.} h5 39. Qxb5 $2 (39. Be4 Kh7 40. g4) 39... Rxf2 {Black is clearly winning.} 40. Kg1 c2 41. Qc5 Nd3 {Precision: White = 34%, Black = 38%.} 0-1

[Event "29th Czech Open-Rapid 2018"]
[Site "Pardubice"]
[Date "2018.07.18"]
[Round "3"]
[White "Zpevak, Pavel"]
[Black "Potapov, Pavel"]
[Result "0-1"]
[WhiteElo "2330"]
[BlackElo "2500"]
[Annotator "TA"]
[PlyCount "70"]
[EventDate "2018.07.18"]
[EventType "swiss"]
[EventCountry "CZE"]
[SourceTitle "playchess.com"]
[Source "ChessBase"]
[SourceQuality "1"]

{[%evp 13,70,12,28,9,13,-22,-22,-109,-108,-100,-97,-103,-99,-138,-136,-139,-91,-113,-113,-129,-62,-62,-45,-176,-170,-161,-160,-190,-141,-193,-68,-68,-65,-150,-153,-155,-157,-181,-174,-174,-146,-143,-129,-128,-117,-375,-377,-461,-452,-657,-655,-654,-655,-675,-639,-1135,-1089,-1014,-654]} 1. d4 f5 2. Nf3 Nf6 3. Bf4 g6 4. e3 Bg7 5. h3 O-O 6. Be2 {A80: Dutch Defence: Unusual White second moves} d6 7. O-O Nc6 {[%cal Bb8c6,Bc6d4,Bd4e2][%mdl 32] LiveBook: 5 Games} (7... e6 8. c4 Qe7 9. Nc3 b6 10. Bh2 Bb7 11. Nd2 e5 12. c5 Kh8 {½-½ (59) Ramirez Alvarez,A (2568)-Xu,X (2545) chess.com INT 2018}) 8. Nc3 $146 {White has an edge.} ({Predecessor:} 8. Bb5 Bd7 9. Nc3 Qe8 10. Bh2 a6 11. Ba4 Kh8 12. Re1 b5 13. Bb3 {½-½ (20) Zpevak,P (2343)-Richter,W (2387) Germany 2017}) 8... Ne4 9. Nxe4 (9. Qe1 {with more complications.} e6 10. Rd1 Qe8 11. Bh2 Nf6 12. Bc4) 9... fxe4 10. Nd2 (10. Ng5 $11 {remains equal.}) 10... Nxd4 $1 $17 11. Nxe4 Nxe2+ 12. Qxe2 Bxb2 13. Rab1 Bg7 14. Rfd1 e5 15. Bg5 Qe8 16. Nc3 Qf7 ({Black should try} 16... Rf5 $17 17. Bh4 Rf7) 17. Nd5 $15 h6 18. Bh4 ({White has to play} 18. Be7 $15) 18... g5 $19 19. Bg3 {[#]} c6 $1 $36 {[%cal Rc6d5][%mdl 2048] Black is on the roll.} 20. Nb4 d5 21. e4 {[#]} (21. f3 $17) 21... d4 (21... dxe4 $1 $19 {White must now prevent ...a5.} 22. Qxe4 Bf5) 22. Nd3 $15 Re8 23. c3 (23. a4 $15) 23... b6 $17 {[%cal Bb7b6,Bb6b5][%mdl 32]} ({Don't do} 23... dxc3 24. Qc2 $17) 24. a4 c5 25. a5 c4 ({Much less strong is} 25... dxc3 26. axb6 axb6 27. Qc2 $17) 26. Nb4 b5 ({Don't take} 26... bxa5 27. Nd5 $15) 27. a6 Bd7 28. Nd5 Rac8 29. cxd4 $2 {[%mdl 8192]} (29. f3 $17 {was necessary.}) 29... exd4 $19 {[%cal Be5d4,Bd4d3][%mdl 32] aiming for ...Qxd5!} 30. Nc7 Red8 {Black is clearly winning.} 31. Nxb5 (31. Nd5 $142 Bc6 32. Nb4) 31... Bxb5 32. Rxb5 d3 33. Qe3 c3 {[%cal Bc4c3,Bc3c2][%mdl 32]} 34. Rd5 Rxd5 35. exd5 c2 {Precision: White = 28%, Black = 56%.} 0-1

[Event "29th Czech Open-Rapid 2018"]
[Site "Pardubice"]
[Date "2018.07.18"]
[Round "3"]
[White "Kathmale, Sameer"]
[Black "Bryzgalin, Kirill"]
[Result "*"]
[WhiteElo "2323"]
[BlackElo "2424"]
[Annotator "TA"]
[PlyCount "70"]
[EventDate "2018.07.18"]
[EventType "swiss"]
[EventCountry "CZE"]
[SourceTitle "playchess.com"]
[Source "ChessBase"]
[SourceQuality "1"]

{[%evp 10,70,44,23,18,18,27,25,36,14,18,-47,2,0,27,17,34,22,40,0,6,11,5,2,20,-44,-26,-41,0,0,0,0,0,-29,-36,-56,30,-75,-55,-93,-48,-77,-66,-214,-144,-135,-102,-124,-125,-104,0,0,16,9,67,0,0,-20,83,0,0,-31,104]} 1. e4 {[%cal Be2e4,Be4e5][%mdl 32]} c5 2. c3 Nf6 3. e5 Nd5 4. d4 cxd4 5. cxd4 b6 6. Nc3 {LiveBook: 3 Games. B22: Sicilian: 2 c3} (6. Nf3 {feels hotter.} e6 7. Bd3 Bb7 8. O-O Be7 9. Nc3) (6. Nf3 e6 7. Bc4 Bb7 8. O-O Be7 9. Bxd5 exd5 10. Nc3 Na6 11. Ne1 O-O 12. f4 d6 13. Qg4 f5 14. exf6 Bxf6 15. f5 Rc8 16. Nd3 Rc4 {½-½ (36) Lugovskoy,M (2502)-Golubov,S (2467) Loo 2016}) 6... Nxc3 7. bxc3 Bb7 8. f4 {White has an edge.} e6 9. Bd2 $146 ({Predecessor:} 9. Nf3 Qc7 10. c4 d5 11. cxd5 Bxd5 12. Bb5+ Nd7 13. O-O a6 14. Bd3 Be7 15. f5 exf5 16. Bxf5 {½-½ (39) Mindeguia Guruceaga,J (2205)-Diaz Herrero,A (2195) Huarte 2013}) 9... Nc6 {[%cal Bb8c6,Bc6a5,Ba5c4][%mdl 32]} 10. Nh3 (10. Nf3 $11) 10... Be7 11. Bd3 Bh4+ 12. g3 Be7 {[#] Threatens to win with ...Nxe5!} 13. O-O Qc7 14. Be4 Na5 15. Bxb7 Qxb7 16. f5 Nc4 17. f6 (17. fxe6 $11 dxe6 18. Bg5) 17... gxf6 $15 18. exf6 Nxd2 19. Qxd2 Bf8 20. a4 Rc8 21. Nf4 h5 {[%cal Bh7h5,Bh5h4,Bh4h3][%mdl 32]} 22. d5 Rc4 (22... h4 $15) 23. Rae1 (23. Qd3 $11 Rc8 24. Rae1) 23... Bc5+ 24. Kh1 h4 25. g4 Bd6 ({Reject} 25... Rxa4 $6 26. g5 $11) 26. Ng2 ({White should try} 26. Rd1 $15) 26... h3 27. Ne3 Re4 {[%cal Bc4e4,Be4e5,Be5g5][%mdl 32]} 28. Qd3 Re5 29. c4 Kf8 (29... Kd8 $17 {aiming for ...Re8.} 30. Nd1 Rxe1 31. Rxe1 exd5 32. cxd5 Qc7) 30. Nc2 $11 Rg5 31. Qf3 Rhg8 ({Better is} 31... Rh4 $11) 32. Rg1 (32. Re4 $14) 32... Bc5 33. Rg3 Bd6 {[#]} (33... exd5 $11 {keeps the balance.} 34. Ne3 Bxe3 35. Rxe3 Qc6) 34. Rgg1 (34. Nd4 $1 $16) 34... Bc5 35. Rg3 Bd6 {Precision: White = 38%, Black = 38%.} (35... exd5 $15 {stays ahead.} 36. Ne3 Bxe3 37. Rxe3 Qc6) *

[Event "29th Czech Open-Rapid 2018"]
[Site "Pardubice"]
[Date "2018.07.18"]
[Round "3"]
[White "Westerinen, Heikki Mj"]
[Black "Dimitrov, Dejan"]
[Result "1/2-1/2"]
[WhiteElo "2312"]
[BlackElo "2096"]
[Annotator "NA"]
[PlyCount "95"]
[EventDate "2018.07.18"]
[EventType "swiss"]
[EventCountry "CZE"]
[SourceTitle "playchess.com"]
[Source "ChessBase"]
[SourceQuality "1"]
[TimeControl "900+10"]

1. e4 {[%emt 0:00:00]} d5 {[%emt 0:00:00]} 2. exd5 {[%emt 0:00:00]} Qxd5 {[%emt 0:00:00]} 3. Nc3 {[%emt 0:00:00]} Qd6 {[%emt 0:00:01]} 4. Nf3 {[%emt 0:00:15]} Nf6 {[%emt 0:00:06]} 5. g3 {[%emt 0:00:25]} g6 {[%emt 0:00:21]} 6. Bg2 {[%emt 0:00:03]} Bg7 {[%emt 0:00:57]} 7. O-O {[%emt 0:00:04]} O-O {[%emt 0:00:13]} 8. d4 {[%emt 0:00:19]} c6 {[%emt 0:00:42]} 9. Re1 {[%emt 0:00:11]} Bf5 {[%emt 0:01:42]} 10. Bf4 {[%emt 0:00:15]} Qd8 {[%emt 0:00:09]} 11. Qd2 {[%emt 0:00:11]} Nd5 {[%emt 0:01:00]} 12. Bh6 {[%emt 0:00:36]} Nd7 {[%emt 0:01:03]} 13. Bxg7 {[%emt 0:00:05]} Kxg7 {[%emt 0:00:03]} 14. Ne4 {[%emt 0:00:22]} N7f6 {[%emt 0:01:23]} 15. Nxf6 {[%emt 0:00:14]} Nxf6 {[%emt 0:00:16]} 16. c3 {[%emt 0:01:00]} Be4 {[%emt 0:00:20]} 17. Qf4 {[%emt 0:00:14]} Bd5 {[%emt 0:01:30]} 18. b3 {[%emt 0:00:06]} Re8 {[%emt 0:00:45]} 19. c4 {[%emt 0:00:13]} Bxf3 {[%emt 0:00:16]} 20. Bxf3 {[%emt 0:00:04]} Qd6 {[%emt 0:00:35]} 21. Re5 {[%emt 0:01:52]} Nd7 {[%emt 0:00:51]} 22. Re4 {[%emt 0:01:03]} Qxf4 {[%emt 0:00:39]} 23. Rxf4 {[%emt 0:00:04]} e5 {[%emt 0:00:32]} 24. dxe5 {[%emt 0:00:08]} Nxe5 {[%emt 0:00:05]} 25. Be2 {[%emt 0:00:28]} Rad8 {[%emt 0:00:28]} 26. Re4 {[%emt 0:00:20]} Nd7 {[%emt 0:01:38]} 27. Rxe8 {[%emt 0:00:39]} Rxe8 {[%emt 0:00:01]} 28. Kf1 {[%emt 0:00:06]} a5 {[%emt 0:00:35]} 29. f4 {[%emt 0:00:27]} Nc5 {[%emt 0:00:08]} 30. Bf3 {[%emt 0:00:17]} Re3 {[%emt 0:00:44]} 31. Bg2 {[%emt 0:01:13]} Kf6 {[%emt 0:00:28]} 32. Rd1 {[%emt 0:00:11]} Rd3 {[%emt 0:00:19]} 33. Re1 {[%emt 0:00:55]} Rd2 {[%emt 0:00:22]} 34. Re5 {[%emt 0:00:13]} b6 {[%emt 0:00:45]} 35. Bxc6 {[%emt 0:00:31]} Rxa2 {[%emt 0:00:17]} 36. h4 {[%emt 0:00:07]} Nxb3 {[%emt 0:00:22]} 37. Bd5 {[%emt 0:01:03]} Nc5 {[%emt 0:00:17]} 38. g4 {[%emt 0:00:07]} Nd3 {[%emt 0:00:26]} 39. g5+ {[%emt 0:00:05]} Kg7 {[%emt 0:00:01]} 40. Re7 {[%emt 0:00:24]} Rf2+ {[%emt 0:00:06]} 41. Kg1 {[%emt 0:00:01]} Rxf4 {[%emt 0:00:02]} 42. Rb7 {[%emt 0:00:08]} Ne5 {[%emt 0:00:24]} 43. Rxb6 {[%emt 0:00:26]} Nxc4 {[%emt 0:00:22]} 44. Rf6 {[%emt 0:00:10]} Rxf6 {[%emt 0:00:28]} 45. gxf6+ {[%emt 0:00:02]} Kxf6 {[%emt 0:00:02]} 46. Bxc4 {[%emt 0:00:02]} g5 {[%emt 0:00:28]} 47. hxg5+ {[%emt 0:00:05]} Kxg5 {[%emt 0:00:03]} 48. Bxf7 {[%emt 0:00:02]} 1/2-1/2

[Event "29th Czech Open-Rapid 2018"]
[Site "Pardubice"]
[Date "2018.07.18"]
[Round "3"]
[White "Nun, Jiri"]
[Black "Kyrychenko, Maryan"]
[Result "1/2-1/2"]
[WhiteElo "2306"]
[BlackElo "2152"]
[Annotator "NA"]
[PlyCount "68"]
[EventDate "2018.07.18"]
[EventType "swiss"]
[EventCountry "CZE"]
[SourceTitle "playchess.com"]
[Source "ChessBase"]
[SourceQuality "1"]
[TimeControl "900+10"]

1. e4 {[%emt 0:00:00]} c5 {[%emt 0:00:00]} 2. Nf3 {[%emt 0:00:00]} d6 {[%emt 0:00:00]} 3. c3 {[%emt 0:00:01]} Nf6 {[%emt 0:00:00]} 4. h3 {[%emt 0:00:03]} Nc6 {[%emt 0:00:00]} 5. d4 {[%emt 0:00:16]} cxd4 {[%emt 0:00:13]} 6. cxd4 {[%emt 0:01:07]} Nxe4 {[%emt 0:00:04]} 7. d5 {[%emt 0:00:01]} Qa5+ {[%emt 0:00:01]} 8. Nc3 {[%emt 0:00:03]} Nxc3 {[%emt 0:00:18]} 9. bxc3 {[%emt 0:00:02]} Ne5 {[%emt 0:00:01]} 10. Qb3 {[%emt 0:01:55]} Nxf3+ {[%emt 0:00:21]} 11. gxf3 {[%emt 0:00:01]} a6 {[%emt 0:00:14]} 12. Be3 {[%emt 0:00:13]} b5 {[%emt 0:00:34]} 13. Bd3 {[%emt 0:00:04]} g6 {[%emt 0:00:06]} 14. Bd4 {[%emt 0:00:02]} Rg8 {[%emt 0:00:12]} 15. h4 {[%emt 0:00:18]} Bf5 {[%emt 0:00:06]} 16. Be4 {[%emt 0:00:41]} Rc8 {[%emt 0:00:46]} 17. O-O {[%emt 0:00:24]} Bg7 {[%emt 0:00:50]} 18. a4 {[%emt 0:00:38]} Bxd4 {[%emt 0:00:07]} 19. cxd4 {[%emt 0:00:11]} b4 {[%emt 0:00:01]} 20. Rac1 {[%emt 0:00:09]} Kd7 {[%emt 0:00:03]} 21. Rfe1 {[%emt 0:00:50]} Bxe4 {[%emt 0:00:22]} 22. fxe4 {[%emt 0:00:32]} Qb6 {[%emt 0:00:13]} 23. Qh3+ {[%emt 0:00:26]} f5 {[%emt 0:00:35]} 24. Qe3 {[%emt 0:01:16]} Rxc1 25. Rxc1 {[%emt 0:00:03]} Rc8 {[%emt 0:00:51]} 26. Re1 {[%emt 0:00:45]} Rc3 {[%emt 0:00:03]} 27. Qd2 {[%emt 0:00:02]} Rc4 {[%emt 0:00:56]} 28. Rd1 {[%emt 0:01:27]} b3 {[%emt 0:01:47]} 29. exf5 {[%emt 0:00:04]} b2 {[%emt 0:00:40]} 30. Rb1 {[%emt 0:00:59]} Rxd4 {[%emt 0:00:06]} 31. Qe2 {[%emt 0:00:01]} Rxh4 {[%emt 0:02:45]} 32. Rxb2 {[%emt 0:00:24]} Qc7 {[%emt 0:04:38]} 33. Qe6+ {[%emt 0:04:06]} Kd8 {[%emt 0:00:01]} 34. Qg8+ {[%emt 0:00:05]} Kd7 1/2-1/2

[Event "29th Czech Open-Rapid 2018"]
[Site "Pardubice"]
[Date "2018.07.18"]
[Round "3"]
[White "Maltsevskyay, Aleksandra"]
[Black "Chekletsov, Egor"]
[Result "0-1"]
[WhiteElo "2297"]
[BlackElo "2123"]
[Annotator "TA"]
[PlyCount "80"]
[EventDate "2018.07.18"]
[EventType "swiss"]
[EventCountry "CZE"]
[SourceTitle "playchess.com"]
[Source "ChessBase"]
[SourceQuality "1"]

{[%evp 14,80,14,10,37,37,43,49,54,50,104,14,50,7,77,80,99,102,141,126,154,145,152,146,138,148,425,125,132,135,169,168,182,174,163,173,187,166,156,157,196,180,190,179,163,155,235,240,221,218,436,429,494,-114,-98,-108,-100,-101,-88,-93,-93,-156,-156,-156,-156,-29993,-29985,-29998,-29999]} 1. c4 Nf6 2. Nc3 c5 3. g3 g6 4. Bg2 Bg7 5. e4 Nc6 6. Nge2 d6 7. O-O O-O 8. a3 {LiveBook: 124 Games} Nh5 {A36: Symmetrical English vs ...g6: 4 Bg2 Bg7} (8... a6 9. Rb1 Rb8 10. b4 b6 11. d3 Bb7 12. h3 Nd7 13. Be3 Nd4 14. Qd2 Re8 15. Bh6 Bh8 16. Nxd4 cxd4 {0-1 (68) Pridorozhni,A (2571)-Iljiushenok,I (2512) Taganrog 2018}) 9. Rb1 a5 10. d3 e5 {White is slightly better.} 11. Nd5 f5 $146 (11... Bg4 $14) ({Predecessor:} 11... Be6 12. Nec3 Nd4 13. b4 axb4 14. axb4 {1-0 (46) Almonti,A (2022)-Lukjanovas,V (1893) Kaunas 2011}) 12. b4 (12. exf5 $1 $16 {And now Nec3 would win.} Bxf5 13. Nec3) 12... axb4 {Strongly threatening ...f4.} (12... f4 $5 13. gxf4 exf4 14. Nexf4 Nxf4 15. Bxf4 axb4 16. axb4 Nxb4 $15) 13. axb4 {Threatening exf5.} cxb4 (13... f4 $1 $11 {keeps the balance.} 14. Nec3 (14. gxf4 exf4 15. Nexf4 Nxf4 $15) 14... Nd4) 14. exf5 $1 $16 Bxf5 15. Nxb4 Rc8 16. Nd5 Rb8 17. Nec3 Nf6 18. Nxf6+ Bxf6 19. Be3 Bg5 $2 {[%mdl 8192]} (19... Kh8 $16 20. Qd2 Rf7) 20. Bb6 $2 (20. Bxc6 $1 $18 bxc6 21. Rxb8 Qxb8 22. Bxg5) 20... Qd7 21. Rb5 Bg4 22. Qb3 $1 Bf3 23. Ne4 Bxg2 24. Kxg2 Be7 25. Be3 Kg7 26. Rb1 {[%cal Rb5b7]} Qe6 27. Qc3 (27. Rxb7 $6 Na5 $16) 27... Nd8 28. f4 {[%cal Rf4e5]} Bf6 29. Rb6 exf4 (29... Nc6 $16 {was called for.} 30. Qa3 (30. Rxb7+ Rxb7 31. Rxb7+ Kh8 $18) 30... Be7 31. Rxb7 Rxb7 32. Rxb7 Rf7) 30. Nxf6 $18 Rxf6 31. Bxf4 Qe2+ $2 (31... Nf7 {was necessary.} 32. Re1 (32. Rxb7 $2 Qe2+ 33. Kg1 Rxb7 $19) 32... Qf5) 32. Kg1 Ne6 {[#]} 33. Re1 $2 ({Less strong is} 33. Rxb7+ Rxb7 34. Rxb7+ Kg8 $16) (33. Bh6+ $1 $18 {[%mdl 512]} Kf7 (33... Kxh6 34. Qxf6) 34. Rxb7+ Rxb7 35. Rxb7+ Nc7 36. Rxc7+ Ke6 37. Bf4 Qd1+ 38. Kg2 Qe2+ 39. Kg1 Qd1+ 40. Kf2) 33... Nxf4 $17 34. gxf4 Qg4+ 35. Kh1 {Black must now prevent Re7+.} Qf3+ 36. Kg1 {Re7+ would kill now.} Qxf4 37. Rb2 ({White should try} 37. Rbb1) 37... Rbf8 38. Rxb7+ Kg8 {( -> ...Qg4+)} 39. Rb2 $2 (39. Qb2 $17) 39... Rf5 40. Rg2 {[#]} Qf1+ $1 {[%mdl 512] Precision: White = 54%, Black = 38%.} 0-1

[Event "29th Czech Open-Rapid 2018"]
[Site "Pardubice"]
[Date "2018.07.18"]
[Round "3"]
[White "Gabr, Mohsen"]
[Black "Salykin, Aleksandr"]
[Result "1-0"]
[WhiteElo "2287"]
[BlackElo "1862"]
[Annotator "TA"]
[PlyCount "96"]
[EventDate "2018.07.18"]
[EventType "swiss"]
[EventCountry "CZE"]
[SourceTitle "playchess.com"]
[Source "ChessBase"]
[SourceQuality "1"]

{[%evp 17,96,13,23,0,8,3,23,0,0,0,0,0,0,-22,-28,-48,-17,-37,0,0,0,-85,-51,-56,0,0,0,0,0,-7,23,0,131,39,39,36,34,0,46,14,30,31,37,7,36,15,16,20,62,23,65,26,58,15,82,80,169,131,129,122,162,128,122,100,141,69,79,67,90,0,0,0,104,22,105,8,226,192,184,171,158]} 1. d4 d5 2. Bf4 Nf6 3. e3 c5 4. Nf3 Nc6 5. Nc3 a6 6. dxc5 {D02: 1 d4 d5 2 Nf3 sidelines, including 2...Nf6 3 g3 and 2...Nf6 3 Bf4} e6 7. Na4 Qa5+ 8. c3 Bxc5 9. Nxc5 Qxc5 {LiveBook: 9 Games} 10. h3 $146 ({Predecessor:} 10. Bd3 h6 11. Ne5 O-O {1-0 (25) Carlsen,M (2832)-So,W (2812) Paris 2017}) 10... O-O 11. Be2 Re8 12. O-O e5 13. Bh2 Bf5 14. Qb3 Qe7 15. a4 Rad8 16. Rfe1 h6 17. Rad1 Rd7 18. Bf1 Red8 19. g4 (19. Nd2 $11) 19... Be4 20. Nd2 $1 Qc5 (20... Bh7 $15) 21. Nxe4 Nxe4 22. Bg2 Nf6 23. Bg3 Ne8 24. Bh4 f6 {[#]} (24... g5 $11 25. Bg3 Nf6) 25. Bg3 ({Only move:} 25. Bxd5+ $1 $16 {[%mdl 512]} Kf8 (25... Rxd5 26. e4) 26. Bg2) 25... Kh8 $14 26. Qc2 Qe7 27. b4 Nc7 28. Qb3 b5 29. axb5 axb5 30. Ra1 Qd6 31. f4 e4 32. Kh2 Qe7 33. Red1 Qf7 34. Rd2 Kg8 35. Rad1 Nb8 (35... Rf8 $11) 36. f5 $16 Kf8 (36... Rc8 $16) 37. Qa2 Nc6 38. Bxe4 $1 Ne5 39. Bxe5 fxe5 40. Bg2 h5 41. Rf2 (41. g5 $16) 41... hxg4 $14 42. hxg4 Qf6 {[#]} 43. Bh3 ({White should try} 43. Rf3 $1 $16) 43... Ne8 $11 44. Rg2 {With the idea g5.} e4 (44... Qg5 $1 $11) 45. Qd2 (45. g5 $16 Qxc3 46. f6) 45... Qe5+ {[#]} (45... Qg5 $1 $11) 46. Kg1 (46. Kh1 $1 $16) 46... Nf6 $2 (46... Rc8 $11 {and Black stays safe.}) 47. Rf1 Rf7 48. Qd4 Qxd4 {Precision: White = 25%, Black = 32%.} 1-0

[Event "29th Czech Open-Rapid 2018"]
[Site "Pardubice"]
[Date "2018.07.18"]
[Round "3"]
[White "Slovak, Kilian"]
[Black "Biolek-Jun., Richard"]
[Result "1-0"]
[WhiteElo "2285"]
[BlackElo "2364"]
[Annotator "TA"]
[PlyCount "102"]
[EventDate "2018.07.18"]
[EventType "swiss"]
[EventCountry "CZE"]
[SourceTitle "playchess.com"]
[Source "ChessBase"]
[SourceQuality "1"]

{[%evp 9,102,144,163,159,220,199,347,195,227,135,135,106,97,108,115,114,139,86,131,128,144,27,75,83,89,50,45,27,37,33,62,5,62,47,37,31,43,35,45,31,68,0,0,0,54,-18,7,0,42,-11,7,-3,47,45,50,50,71,71,78,79,70,72,83,75,68,63,60,80,114,81,54,22,0,-31,-28,-30,-47,-56,-56,-409,-409,-384,-384,-370,-359,-2656,-2288,-1805,-1729,-2456,-2290,-29980,-29981,-5710,-2354]} 1. e4 Nc6 2. Nf3 Rb8 (2... d6 3. d4 Nf6 4. Nc3 g6 5. d5 Nb8 6. Be3 Bg7 7. Qd2 O-O 8. h3 c6 9. g4 b5 10. a3 Qa5 11. Rb1 b4 12. axb4 Qxb4 13. Bd3 cxd5 {½-½ (57) Bacrot,E (2714)-Hera,I (2620) Brest 2018}) 3. d4 $146 ({Predecessor:} 3. Bc4 b5 4. Bb3 e6 5. d4 Bb7 6. Qe2 a6 7. d5 Na5 8. O-O Nxb3 9. cxb3 Be7 10. dxe6 dxe6 {0-1 (30) Busch,S (1003)-Will,P (1919) Frankfurt 2010}) 3... b5 4. d5 Na5 5. Bd3 c5 6. O-O {B00: Queen's Fianchetto Defence, Nimzowitsch Defence} c4 (6... Nf6 $16 {is a better defense.} 7. a4 b4) 7. Be2 $18 g6 (7... e6 $142 8. a4 b4) 8. Re1 (8. Qd4 $142 Nf6 9. e5 Nxd5 10. Qxd5) 8... Bg7 9. Bf1 (9. Bf4 $18 d6 10. e5) 9... d6 $16 10. Nc3 b4 11. Ne2 Nf6 12. Ned4 O-O 13. h3 (13. a3 $142 b3 14. cxb3) 13... Nd7 {[#]} 14. a3 $1 {[%cal Ra3b4] And now axb4 would win.} b3 {[#]} 15. c3 ({White should try} 15. cxb3 $1 $16 cxb3 16. Bg5) 15... Ne5 16. Be3 Ba6 17. Nxe5 (17. Qd2 {with more complications.} Re8 18. Bh6 Bf6 19. Rab1 Qb6 20. Bg5) 17... dxe5 18. Nf3 Qc7 19. Qe2 Rbc8 20. Nh2 (20. h4 $14) 20... Qb8 (20... Nb7 $11) 21. Rad1 Nb7 22. Qf3 Nd6 23. h4 Rc7 24. Bc1 Bc8 25. Qe3 (25. h5 $14) 25... Qb6 26. Qe2 h5 (26... f5 $11) 27. Be3 (27. g4 $1 $14) 27... Qb7 28. Bc1 Qb6 29. Be3 ({Better is} 29. g4 $14) 29... Qb7 30. Bc1 Ne8 31. g3 Nf6 32. Bg2 Ng4 33. Nxg4 Bxg4 34. f3 Bc8 35. Kh2 Rd8 36. f4 Bg4 37. Bf3 Bxf3 38. Qxf3 exf4 39. Bxf4 Rcd7 40. Rf1 e6 {[%cal Re6d5]} 41. dxe6 fxe6 42. Rxd7 Rxd7 43. Qe2 Rd3 44. Rd1 $2 {[%mdl 8192]} ({White should play} 44. e5 $15) 44... Rxd1 $19 45. Qxd1 Qxe4 46. Qd8+ Kh7 {aiming for ...Qe2+.} 47. Qc7 $2 (47. Qd2 Qd3 48. Qf2) 47... Qc2+ 48. Kh3 e5 {[%cal Be6e5,Be5e4][%mdl 32]} 49. Bg5 Qb1 {[%cal Rb1h1]} 50. Qb7 e4 {[%cal Rb1h1]} 51. Kh2 Qxb2+ {[%mdl 32768] Precision: White = 39%, Black = 47%. . Loss on Time!?} 1-0

[Event "29th Czech Open-Rapid 2018"]
[Site "Pardubice"]
[Date "2018.07.18"]
[Round "3"]
[White "Mosesov, Danylo"]
[Black "Bueble, Joschua"]
[Result "1-0"]
[WhiteElo "2282"]
[BlackElo "1722"]
[Annotator "TA"]
[PlyCount "63"]
[EventDate "2018.07.18"]
[EventType "swiss"]
[EventCountry "CZE"]
[SourceTitle "playchess.com"]
[Source "ChessBase"]
[SourceQuality "1"]

{[%evp 27,63,12,15,2,16,14,448,454,495,437,476,451,604,600,642,634,620,593,704,621,831,808,1089,1106,1504,1497,1468,1475,1572,1414,1414,1403,1263,1228,29987,29987,29993,29994]} 1. e4 e6 2. d4 d5 3. Nd2 Nf6 4. e5 Nfd7 5. Bd3 c5 6. c3 Nc6 7. Ne2 cxd4 8. cxd4 f6 9. exf6 Nxf6 10. O-O Bd6 11. Nf3 Qc7 12. h3 O-O 13. Be3 Bd7 {[%cal Bc8d7,Bd7e8,Be8h5][%mdl 32]} 14. Rc1 Be8 {LiveBook: 9 Games. C06: French Tarrasch: 3...Nf6 4 e5 Nfd7 5 Bd3 main lines} (14... Qb6 15. Ne5 Qxb2 16. Rb1 Qxa2 17. Nxd7 Nxd7 18. Rxb7 Nf6 19. Nc3 Qa5 20. Nb5 Qd8 21. Bg5 Rb8 22. Bxh7+ Kxh7 {½-½ (49) Poetsch,H (2484)-Chakravarthi,R (2380) Graz 2018}) 15. Nc3 Bh5 16. Nb5 Bh2+ $146 {[%mdl 8192]} (16... Qd8 $11 {and Black is okay.}) ({Predecessor:} 16... Qd7 17. Nxd6 Qxd6 18. Be2 Ne4 19. Re1 Qe7 20. Nd2 Bxe2 21. Qxe2 Qh4 22. Nxe4 Qxe4 {0-1 (51) Brackmann,H (2003)-Mason,D (2162) Birmingham 2016}) 17. Nxh2 $18 {[%cal Bf3h2,Bh2g4,Bg4e5][%mdl 32]} Qf7 18. Be2 Bg6 19. Ng4 Ne4 20. Ne5 Nxe5 21. dxe5 {[%cal Bd4e5,Be5d6,Bd6d7][%mdl 32]} Rad8 22. Qb3 a6 {[#]} 23. Nd6 $1 Rxd6 (23... Nxd6 24. exd6) 24. exd6 Bf5 25. g4 Bg6 26. Rc7 Qf6 27. d7 d4 28. Bxd4 Qxd4 29. Qxe6+ Bf7 30. Qe7 {White threatens Rc8 and mate.} Ng3 {[#]} 31. Bf3 $1 Nxf1 32. Rc8 {Precision: White = 56%, Black = 17%.} 1-0